Statistiche per Paesi più vicini ad Aruba

Clicka qui per fare il quiz!

Statistiche generali

  • Questo quiz è stato fatto 31 volte
  • Il punteggio medio è 14 su 20

Statistiche sulle risposte

kmnazione% Corretto
943Cuba
96%
125Colombia
85%
629Haiti
81%
574Repubblica Dominicana
81%
27Venezuela
81%
883Giamaica
78%
1166Guyana
78%
907Panama
78%
965Santa Lucia
78%
905Trinidad e Tobago
78%
998Antigua e Barbuda
74%
969Dominica
74%
931Saint Kitts e Nevis
74%
1064Brasile
70%
879Grenada
70%
986Bahamas
67%
1114Barbados
67%
913Saint Vincent e Grenadine
67%
77Curaçao
37%
954Sint Maarten
15%

Distribuzione punteggi

Percentile per numero di risposta

Percentuale di utenti per punteggio

I tuoi punteggi nel tempo

Non hai fatto questo quiz